000 nam a22 7a 4500
999 _c129429
_d129429
008 190424b xxu||||| |||| 00| 0 eng d
020 _a9780415688062
050 _aZ4.F49 2012
100 _aFinkelstein, David
_945899
245 _aAn introduction to book history
_c/ by David Finkelstein and Alistair McCleery
250 _a2nd.ed.
260 _aLondon:
_bRoutledge,
_c2013.
300 _aviii, 166p. ;
_c24cm.
650 _aBooks
_xsocial aspects
_xhistory
_945900
650 _aAuthorship
_xsocial aspects
_xhistory
_945901
650 _aBook industries and trade
_xsocial aspects
_xhistory
_945902
650 _aBooks and reading
_xsocial aspects
_xhistory
_945903
650 _aPrinting
_xsocial aspects
_xhistory
_945904
700 _aMcCleery, Alistair
_945905
942 _2lcc
_cMONOGRAPH